Słowacy w Ekstraklasie . - Statystyki

Ogólne statystyki
  • Ten quiz został rozwiązany 25 razy
  • Średni wynik to 15 z 120
Statystyki odpowiedzi
Klub Pozycja Piłkarz % Poprawnych
Legia Warszawa, Lechia Gdańsk Bramkarz Kuciak
84%
Legia Warszawa Ofensywny pomocnik Duda
72%
Śląsk Wrocław Lewy napastnik Pich
60%
Lechia Gdańsk Lewy napastnik Haraslin
48%
Legia Warszawa, Bruk-Bet Termalica Nieciecza Bramkarz Mucha
48%
Piast Gliwice Bramkarz Plach
44%
Ruch Chorzów, Lech Poznań, Śląsk Wrocław Bramkarz Putnocky
44%
Górnik Zabrze, Bruk-Bet Termalica Nieciecza Środkowy napastnik Gergel
40%
Polonia Bytom, Ruch Chorzów, Podbeskidzie Bielsko-Biała, Korona Kielce, Cracovia Bramkarz Peskovic
40%
Widzew Łódź, Pogoń Szczecin, Górnik Zabrze Bramkarz Peskovic
40%
Śląsk Wrocław, Jagiellonia Białystok Bramkarz Kelemen
36%
Polonia Bytom, Jagiellonia Białystok, Korona Kielce, Podbeskidzie Bielsko-Biała, Bruk-Bet Termalica Nieciecza Środkowy obrońca Stano
36%
Podbeskidzie Bielsko-Biała Środkowy napastnik Demjan
32%
Zagłebie Lubin Środkowy obrońca Guldan
32%
Lech Poznań Środkowy obrońca Satka
32%
Cracovia Lewy obrońca Siplak
32%
Podbeskidzie Bielsko-Biała, Bruk-Bet Termalica Nieciecza Ofensywny pomocnik Stefanik
28%
Górnik Zabrze Bramkarz Chudy
24%
Górnik Zabrze Defensywny pomocnik Grendel
24%
Piast Gliwice Środkowy obrońca Huk
24%
Śląsk Wrocław, Górnik Łęczna, Piast Gliwice, Sandecja Nowy Sącz, Zagłębie Sosnowiec Lewy obrońca Mraz
24%
Zagłębie Lubin Środkowy napastnik Mraz
24%
Zagłebie Lubin, Podbeskidzie Bielsko-Biała Bramkarz Polacek
24%
Cracovia Defensywny pomocnik Dimun
20%
Piast Gliwice Lewy obrońca Holubek
20%
Arka Gdynia, GKS Bełchatów, Górnik Łęczna Lewy napastnik Bozok
16%
Zagłębie Sosnowiec, Cracovia Bramkarz Hrosso
16%
Cracovia, Lechia Gdańsk Prawy pomocnik Mihalik
16%
Bruk-Bet Termalica Nieciecza Środkowy napastnik Misak
16%
Zagłębie Sosnowiec Środkowy obrońca Toth
16%
Cracovia Środkowy napastnik Vestenicky
16%
Wisła Kraków Prawy obrońca Cikos
12%
Zagłebie Lubin, Piast Gliwice Środkowy obrońca Horvath
12%
Górnik Zabrze, Polonia Warszawa, Zagłebie Lubin Środkowy pomocnik Jez
12%
Wisła Kraków, Jagiellonia Białystok Lewy napastnik Kostal
12%
Wisła Płock Defensywny pomocnik Lesniak
12%
Podbeskidzie Bielsko-Biała, Sandecja Nowy Sącz Środkowy obrońca Piter-Bucko
12%
Podbeskidzie Bielsko-Biała Bramkarz Zajac
12%
Ruch Chorzów Lewy pomocnik Balaz
8%
Polonia Bytom Bramkarz Balaz
8%
Polonia Warszawa, Jagiellonia Białystok Środkowy obrońca Baran
8%
Górnik Łęczna Defensywny pomocnik Bielak
8%
Piast Gliwice Środkowy pomocnik Bukata
8%
Ruch Chorzów Środkowy napastnik Fabus
8%
GKS Bełchatów Środkowy obrońca Frohlich
8%
Zagłębie Sosnowiec Defensywny pomocnik Gressak
8%
Bruk-Bet Termalica Nieciecza Prawy napastnik Guba
8%
Cracovia Środkowy napastnik Jendrisek
8%
Jagiellonia Białystok Prawy obrońca Kadlec
8%
Odra Wodzisław Śląski Środkowy obrońca Luksik
8%
Bruk-Bet Termalica Nieciecza Lewy pomocnik Mikovic
8%
Raków Częstochowa Bramkarz Pindroch
8%
Zagłębie Sosnowiec Lewy pomocnik Pribula
8%
Górnik Zabrze Defensywny pomocnik Prochazka
8%
Podbeskidzie Bielsko-Biała Środkowy pomocnik Sloboda
8%
Zagłębie Lubin Prawy napastnik Sloboda
8%
Ruch Chorzów Środkowy pomocnik Straka
8%
Odra Wodzisław Śląski Środkowy obrońca Velicky
8%
Zagłębie Lubin Ofensywny pomocnik Vlasko
8%
Jagiellonia Białystok Środkowy pomocnik Adamec
4%
Groclin Dyskobolia Grodzisk Wielkopolski Prawy napastnik Babnic
4%
Górnik Zabrze Defensywny pomocnik Balat
4%
Polonia Bytom Prawy pomocnik Barcik
4%
Polonia Bytom Ofensywny pomocnik Bazik
4%
Zagłębie Sosnowiec Lewy pomocnik Bednar
4%
Ruch Chorzów Lewy obrońca Chovanec
4%
Piast Gliwice Prawy pomocnik Cicman
4%
Odra Wodzisław Śląski Obrońca Cifranic
4%
Piast Gliwice Prawy napastnik Cmelik
4%
Cracovia Lewy napastnik Cunta
4%
Lechia Gdańsk Środkowy obrońca Cvirik
4%
Podbeskidzie Bielsko-Biała Środkowy obrońca Dancik
4%
Groclin Dyskobolia Grodzisk Wielkopolski Środkowy pomocnik Drobnak
4%
Górnik Zabrze Lewy pomocnik Gasparik
4%
Zagłębie Lubin Środkowy obrońca Godal
4%
Legia Warszawa Środkowy napastnik Gottwald
4%
Śląsk Wrocław Ofensywny pomocnik Grajciar
4%
Sandecja Nowy Sącz Defensywny pomocnik Gric
4%
Polonia Bytom, Zagłębie Lubin Środkowy obrońca Hanek
4%
Jagiellonia Białystok Lewy obrońca Hanzel
4%
Zagłębie Lubin Ofensywny pomocnik Hodur
4%
Ruch Chorzów Bramkarz Hrdlicka
4%
Polonia Bytom, Pogoń Szczecin Prawy obrońca Hricko
4%
Piast Gliwice Ofensywny pomocnik Izvolt
4%
Korona Kielce, Podbeskidzie Bielsko-Biała Prawy pomocnik Janic
4%
Cracovia Środkowy obrońca Jarabica
4%
Górnik Zabrze Prawy napastnik Jirka
4%
Bruk-Bet Termalica Nieciecza Lewy pomocnik Juhar
4%
Śląsk Wrocław Bramkarz Kamenar
4%
Podbeskidzie Bielsko-Biała Środkowy obrońca Kolcak
4%
Raków Częstochowa, Ruch Radzionków Pomocnik Kosmel
4%
Polonia Bytom Środkowy obrońca Kral
4%
Jagiellonia Białystok Prawy pomocnik Kukol
4%
Śląsk Wrocław Środkowy napastnik Lacny
4%
Wisła Płock Środkowy obrońca Lerant
4%
Odra Wodzisław Śląski Środkowy obrońca Machovec
4%
Górnik Zabrze Środkowy napastnik Majtan
4%
Cracovia Środkowy napastnik Masaryk
4%
Podbeskidzie Bielsko-Biała Lewy obrońca Mazan
4%
Podbeskidzie Bielsko-Biała Środkowy pomocnik Nather
4%
Korona Kielce Lewy napastnik Pacinda
4%
Górnik Zabrze Prawy obrońca Pavlenda
4%
Wisła Kraków Prawy napastnik Penksa
4%
Pogoń Szczecin Bramkarz Pernis
4%
Podbeskidzie Bielsko-Biała Środkowy obrońca Piacek
4%
Bruk-Bet Termalica Nieciecza Defensywny pomocnik Pleva
4%
Groclin Dyskobolia Grodzisk Wielkopolski Środkowy napastnik Porazik
4%
Piast Gliwice Bramkarz Rusov
4%
Podbeskidzie Bielsko-Biała Bramkarz Rybansky
4%
Górnik Zabrze Prawy obrońca Sekulic
4%
Wisła Kraków Prawy obrońca Singlar
4%
Groclin Dyskobolia Grodzisk Wielkopolski Środkowy obrońca Sninsky
4%
Wisła Kraków Bramkarz Trabalik
4%
Wisła Kraków Środkowy napastnik Tupta
4%
Amica Wronki Napastnik Tyc
4%
Piast Gliwice, Podbeskidzie Bielsko-Biała Ofensywny pomocnik Urban
4%
Polonia Bytom Ofensywny pomocnik Vascak
4%
Lech Poznań Środkowy pomocnik Zapotoka
4%
Groclin Dyskobolia Grodzisk Wielkopolski Pomocnik Drobnjak
0%
Podbeskidzie Bielsko-Biała Defensywny pomocnik Mravec
0%
Nie znaleziono quizów pasujących do podanych kryteriów
Rozkład punktacji
Procent ludzi z każdym wynikiem
Percentyl według liczby udzielonych odpowiedzi
Twoja historia wyników
Nie rozwiązałeś tego quizu